[Event "Grand Slam Final 8th"]
[Site "Bilbao"]
[Date "2015.10.30"]
[Round "4"]
[White "Giri, Anish"]
[Black "Anand, Viswanathan"]
[Result "1-0"]
[WhiteElo "2798"]
[BlackElo "2803"]
[Annotator "Roiz,M"]
[PlyCount "74"]
[EventDate "2015.10.26"]
[EventType "tourn"]
[EventRounds "6"]
[EventCountry "ESP"]
[EventCategory "22"]
[SourceTitle "CBM 169"]
[Source "ChessBase"]
[SourceDate "2015.11.10"]
[SourceVersion "1"]
[SourceVersionDate "2015.11.10"]
[SourceQuality "1"]

1. c4 e5 2. Nc3 Nf6 3. g3 Bb4 4. Bg2 O-O 5. e4 Bxc3 6. bxc3 c6 {The most
popular continuation.} ({A long time ago, Vishy has also tried:} 6... Re8 {
, but White got a better position after} 7. Ne2 c6 8. O-O d5 9. exd5 cxd5 10.
d4 $1 $14 {0-1 Petursson,M (2544)-Anand,V (2769)/Kopavogur 2000}) 7. Nf3 $5
$146 {Anish comes up with an interesting novelty at this early stage of the
game.} ({In most top-level games Black manages to solve his opening problems
after:} 7. Ne2 d5 8. cxd5 cxd5 9. exd5 Nxd5 10. O-O Nc6 11. Rb1 Re8 (11... Nb6
12. d4 Bf5 13. Rb3 (13. Rb5 $5) 13... Be6 14. d5 $6 Bxd5 15. Bxd5 Nxd5 16. Ba3
Re8 17. Rxb7 Qc8 $15 {0-1 Nakamura,H (2715)-Carlsen,M (2801)/Oslo 2009/CBM 133
Extra (46)}) 12. d3 Nb6 13. Be3 Bg4 $11 {0-1 Naiditsch,A (2712)-Topalov,V 
(2768)/Porto Carras 2011/CBM 146 (37)}) ({The most ambitious} 7. d4 d6 8. Ne2
c5 {makes the Pc4 very weak and yields Black excellent counter-play à la
Nimzo:} 9. O-O Nc6 10. Qd3 b6 11. f4 Nd7 $132 {0-1 Mamedyarov,S (2747)
-Morozevich,A (2763)/Jurmala 2012/CBM 147/[Mikhalchishin,A] (44)}) ({Black is
doing reasonably well also after} 7. Ba3 d6 8. Ne2 Be6 (8... c5 $5) 9. d3 Re8
10. f4 exf4 11. gxf4 Bg4 12. O-O d5 $132 {0-1 Istratescu,A (2670)-Adams,M 
(2754)/London 2013}) 7... Nxe4 {A principled reply.} ({Another move which
deserved serious attention was} 7... Re8 $5 8. O-O Nxe4 (8... d5 {is less
precise:} 9. exd5 cxd5 10. cxd5 Nxd5 11. c4 Nf6 12. d4 $14 {and White's
bishops are getting strong.}) 9. Re1 d5 10. cxd5 cxd5 11. d3 ({The following
complications lead to unclear consequences:} 11. c4 Nxf2 $1 12. Kxf2 e4 13.
cxd5 Na6 $132) 11... Nxc3 12. Qb3 d4 13. Nxe5 Be6 14. Qxb7 Bd5 15. Bxd5 Qxd5
16. Qxd5 Nxd5 17. Bb2 f6 18. Nf3 Nc6 {and Black is close to equality.}) 8. O-O
d6 (8... Re8 {would transpose to the above-mentioned line.}) (8... d5 9. Nxe5 (
9. cxd5 {is quite harmless:} cxd5 10. Nxe5 Re8 $11) 9... Re8 10. d4 f6 11. Qb3
fxe5 12. cxd5 Qxd5 13. Bxe4 Qxb3 14. axb3 exd4 15. Re1 Be6 16. cxd4 Nd7 $11) 9.
Nxe5 {Black has a wide choice of possibilities now.} dxe5 {The most simple
approach - Black exchanges one pair of knights and opens up the d-file, so the
queen is getting more active. On the other hand, the subsequent pawn structure
definitely suits White, since now it's easier to activate the bishops.} ({
First of all,} 9... Nxg3 $2 {must be rejected:} 10. fxg3 dxe5 11. Ba3 Re8 12.
Rxf7 $1 $36 Kxf7 $140 13. Qh5+ Kg8 14. Be4 g6 15. Bxg6 hxg6 16. Qxg6+ Kh8 17.
Rf1 $18) ({The same can be said about} 9... Nxf2 $2 10. Rxf2 dxe5 11. Ba3 Re8
12. Rxf7 Kxf7 13. Qh5+ Kg8 14. Be4 g6 15. Bxg6 hxg6 16. Qxg6+ Kh8 17. Rf1 $18)
({The somewhat awkward retreat} 9... Ng5 10. Ng4 f5 {can be strongly met by:}
11. f4 $1 fxg4 12. fxg5 Rxf1+ 13. Qxf1 Qxg5 14. d4 $36 {and White gets a
powerful initiative.}) 10. Bxe4 Be6 $6 {This natural move is connected with a
tactical blunder.} ({The more modest way of development} 10... Nd7 $142 $1 {
would lead to an acceptable position. For instance,} 11. d4 Nf6 12. Bg2 ({
White gets nothing special after} 12. Bg5 exd4 13. cxd4 h6 14. Bxf6 Qxf6 15.
Re1 Rd8 16. d5 cxd5 17. cxd5 Qd6 $11 {and Black sucessfully neutralises the
passed pawn.}) 12... exd4 13. cxd4 Bg4 14. Qd3 Re8 15. Be3 Qd7 $11) 11. Ba3 Re8
12. Qb1 $1 {That is the point! Black cannot protect both of the hanging pawns
now.} Qxd2 $2 {Having had an unpleasant surprise, Black goes for a dubious
sacrifice in order to complicate matters.} ({Possibly, Vishy has overestimated
his troubles in the following line:} 12... Qc7 $142 13. Bxh7+ Kh8 14. Bf5 Nd7 (
14... Bxc4 $2 15. Qe4 Bxf1 16. Qh4+ Kg8 17. Qh7#) 15. Re1 Nf6 16. Bxe6 Rxe6 $14
{White is better, but Black has some compensation for a missing pawn.}) 13.
Qxb7 Nd7 14. Bxc6 {Black cannot avoid further losses of material.} Reb8 ({After
} 14... Qxc3 15. Qb3 Qa5 16. Bxa8 Rxa8 {the weakness of the light squares
makes White's technical task much more difficult. However, it looks like the
precise} 17. Rfd1 Nb6 18. Bb4 Qa6 19. Rd6 $1 Qxc4 20. Rad1 Qc8 21. Qd3 {
,followed by exchanging all the major pieces must still be lost for Black.})
15. Qa6 Rb6 16. Qa4 Rc8 {The queen sac was practically forced.} 17. Rad1 ({
If he rejects the ''gift'' by means of:} 17. Bd5 {Black may put up some
resistance:} Qh6 $1 18. Rad1 Nf6 19. Qxa7 Nxd5 20. cxd5 Bh3 21. d6 Qf6 $1 22.
f4 Bxf1 23. Qxb6 Bh3 24. Qa5 Bd7 25. Qxe5 Qxe5 26. fxe5 Rxc3 $16) 17... Qxd1
18. Rxd1 Rbxc6 19. Qxa7 R6c7 20. Qe3 Rxc4 21. Bb4 $18 {White's material
advantage is too big now.} h6 (21... Ra8 {was hardly any better:} 22. a3 h6 23.
Rd6 $18) 22. a4 {The a-passer is very strong now.} Nf6 23. Qxe5 ({Most
probably, even more convincing was:} 23. a5 $1 e4 24. Rd4 R4c6 25. Qd2 Kh7 26.
Rd6 R6c7 27. Qe3 $18) 23... Re4 24. Qa5 Kh7 25. f3 Re2 {Black manages to
activate the rooks, but his minor pieces cannot disturb the opponent's king.}
26. Qb5 Ra2 27. g4 ({A simpler way was} 27. a5 Re8 28. Bc5 $18) 27... Re8 28.
Bc5 {Anish decides to put his bishop on d4, but it wouldn't support the Pa4
from there.} ({Once again, there was nothing wrong with pushing the passed
pawn:} 28. a5 Bb3 29. Qd3+ Kg8 30. Rd2 Bc4 31. Qd6 $18) 28... Kg8 29. Re1 Ra8
30. Bd4 R2xa4 {Liquidating the dangerous passer is Anand's indisputable
achievement.} 31. h4 (31. Bxf6 $5 gxf6 32. Kg2 Kg7 33. Kg3 $18) 31... Ra2 32.
Qb1 ({It was possible to simplify matters by means of} 32. Bxf6 gxf6 33. Qh5
Kg7 (33... Rc2 34. Qxh6 Raa2 35. Qf4 $18) 34. g5 fxg5 35. hxg5 hxg5 36. Qxg5+
Kf8 37. c4 Ra1 38. Rxa1 Rxa1+ 39. Kf2 {The resulting position must be winning,
but the limited material balance still gives Black some practical chances.})
32... Bd5 $6 {Allowing White to activate the queen.} ({A more stubborn try was:
} 32... Nd7 33. Qe4 R8a5) 33. Qf5 Be6 34. Qf4 $6 ({For some reason, Anish
deviates from the following natural line:} 34. Rxe6 fxe6 35. Qxe6+ Kh7 36. Bxf6
gxf6 37. Qf7+ Kh8 38. Qxf6+ Kh7 39. h5 R8a6 40. Qe7+ Kg8 41. c4 $18 {with a
completely winning position.}) 34... Nd7 35. Rf1 {The presence of Black's rook
in White's camp is rather annoying, so it makes sense to swap the rooks.} Nf8
36. Rf2 R2a5 37. Qg3 Bc4 $138 {Surprisingly enough, GM Anand runs out of time.
No doubt, the final position was lost, but Anish still had to work hard in
order to convert his material advantage into a full point.} 1-0

[Event "Nezhmetdinov Memorial 32nd"]
[Site "Kazan"]
[Date "2010.06.05"]
[Round "6"]
[White "Askarov, Marat"]
[Black "Zakhartsov, Viacheslav V"]
[Result "0-1"]
[WhiteElo "2499"]
[BlackElo "2586"]
[Annotator "Zakhartsov,Vi"]
[PlyCount "58"]
[EventDate "2010.05.31"]
[EventType "swiss"]
[EventRounds "9"]
[EventCountry "RUS"]
[SourceTitle "CBM 136 Extra"]
[Source "ChessBase"]
[SourceDate "2010.07.02"]
[SourceVersion "2"]
[SourceVersionDate "2010.07.15"]
[SourceQuality "1"]

1. c4 Nf6 2. Nc3 e5 3. g3 Bb4 4. Bg2 O-O 5. e4 Bxc3 6. bxc3 c6 {By pushing ...
d7-d5, Black usually obtains excellent play.} 7. Ne2 d5 8. cxd5 cxd5 9. exd5
Nxd5 10. O-O Nc6 11. f4 {A rare move. More frequent is} (11. Rb1 Nb6 12. d4 Be6
{with the ideas ...Bd5 or ...Bc4} (12... Bg4 13. f3 Be6)) 11... Bg4 12. Qe1 $6
(12. h3 {was the only chance to equalise:} Nxc3 13. dxc3 Qxd1 14. Rxd1 Bxe2 15.
Rd7 Ba6 16. Ba3 Rfd8 17. Rad1 Rxd7 18. Rxd7 exf4 19. gxf4 {with sufficient
compensation for the pawn.}) 12... Qd7 13. Qf2 (13. f5 $2 {loses a pawn:} Nf6
14. Qf2 Qd3) 13... Rfe8 14. Rb1 (14. f5 $2 Nce7 $1) (14. fxe5 Nxe5 15. Nd4 Rad8
(15... Nd3 16. Qxf7+ Qxf7 17. Rxf7 Kxf7 18. Bxd5+ Kg6 19. Ba3 {with full
compensation for the exchange} (19. Bxb7 $4 Re1+ 20. Kg2 Rf8)) 16. Nf3 Nxf3+
17. Bxf3 Bxf3 18. Qxf3 b5 {with advantage to Black.}) 14... exf4 15. Nxf4 Nxf4
16. Qxf4 (16. gxf4 {was more tenacious:} Be2 17. Re1 Bd3 18. Rb3 Rxe1+ 19. Qxe1
Re8 20. Qg3 Bc4 {with advantage.}) 16... Be2 17. Ba3 {White is forced to give
up an exchange.} ({Both} 17. Re1 Bd3 18. Rxe8+ Rxe8 19. Ra1 Re1+ 20. Kf2 Qe7) (
{or} 17. Rf2 Bd3 18. Ra1 Re1+ 19. Bf1 Rae8 20. Bb2 Rxa1 21. Bxa1 Re4 22. Qf3
Re1 {were completely hopeless for him.}) (17. Bxc6 {was also bad:} bxc6 18. Re1
Bd3 19. Rxe8+ Qxe8 (19... Rxe8 {?} 20. Rb8) 20. Rb7 Qe1+ 21. Kg2 f6 22. Rb8+
Rxb8 23. Qxb8+ Kf7 24. Qc7+ Kg6 25. Qf4 h5 (25... Qxc1 {?} 26. Qg4+ Kf7 27.
Qd7+) 26. Ba3 Be4+ 27. Kh3 Bf5+ 28. Kg2 Qe2+ {winning.}) 17... Bxf1 18. Bxf1 (
18. Rxf1 Re2) 18... Re5 19. d4 Ra5 20. Bc5 (20. Rb3 Re8) 20... b6 {After Black
eliminates one of White's bishops the rest is simple.} 21. Bg2 Rd8 ({Of course,
not} 21... bxc5 22. Bxc6 Qxc6 23. Rb8+) 22. Qh4 (22. d5 Rxc5 23. dxc6 Qd6 {
is also hopeless.}) 22... Re8 23. d5 Rxc5 24. dxc6 Qd3 25. Rf1 Qe3+ 26. Kh1
Rxc3 27. Bd5 Rc1 28. Bxf7+ Kh8 29. Qh3 Qf3+ 0-1